Disney - Charakter mit "R" - Statistiken

Allgemein
  • Dieses Quiz wurde 115 mal gespielt
  • Das Durchschnittsergebnis liegt bei 7 aus 23
Antwortstatistiken
Film/ Serie Name % Korrekt
... Hood Robin Hood
96%
... - Neu verföhnt Rapunzel
95%
... reicht's Ralph
92%
Star Wars - DasErwachen der Macht Rey
80%
... & der letzte Drache Raya
78%
Ratatouille Remy
50%
Alles steht Kopf Riley
44%
König der Löwen Rafiki
35%
101 Dalmatiner Roger
32%
Guardians of the Galaxy Rocket Raccoon
30%
Winnie Puhh Ruh
20%
Aladdin Rajah
19%
Toy Story Rex
18%
Monster AG Randall Boggs
15%
Star Wars R2-D2
10%
Baymax Robert Callahan
7%
Into the Woods Rotkäppchen
7%
Oben Russell
7%
Fluch der Karibik Ragetti
5%
Guardians of the Galaxy Rhomann Dey
2%
Bambi Ronno
2%
Das Dschungelbuch Rama
0%
Ralph reicht's Rancis Fluggerbutter
0%
Keine übereinstimmenden Quizze gefunden
Verteilung der Resultate
Anzahl Personen mit jedem Resultat
Perzentil nach korrekt beantworteten Fragen
Ihre Resultats-Entwicklung
Sie haben dieses Quiz noch nicht gespielt